LIBRARY & INFORMATION CENTRE, KCAET, TAVANUR

ONLINE PUBLIC ACCESS CATALOGUE (OPAC)

Rajat rashmi / (Record no. 2585)

MARC details
000 -LEADER
fixed length control field 00494cam a2200205ua 4500
041 ## - LANGUAGE CODE
Language code of text/sound track or separate title hin
082 ## - DEWEY DECIMAL CLASSIFICATION NUMBER
Classification number 891.43
Item number RAM/RA
100 ## - MAIN ENTRY--AUTHOR NAME
Personal name Ramkumar, Verma .
245 ## - TITLE STATEMENT
Title Rajat rashmi /
250 ## - EDITION STATEMENT
Edition statement 2 /
260 ## - PUBLICATION, DISTRIBUTION, ETC. (IMPRINT)
Place of publication :
Name of publisher Bharateeya Gyanpeet Publication ,
Year of publication 1963.
300 ## - PHYSICAL DESCRIPTION
Number of Pages 200 ; .
942 ## - ADDED ENTRY ELEMENTS (KOHA)
Koha item type Books
Holdings
Withdrawn status Lost status Damaged status Home library Current library Date acquired Full call number Accession Number Koha item type
Withdrawn     KAUAET Sanskrit University 07/04/2012 891.43 2935 Books
Withdrawn     KAUAET Sanskrit University 07/04/2012 891.43 2934 Books
Withdrawn     KAUAET Sanskrit University 07/04/2012 891.43 2938 Books
free website counter